<?xml version="1.0" encoding="UTF-8"?>
<collection xmlns="http://www.loc.gov/MARC21/slim">
 <record>
  <leader>01152nam a2200385   4500</leader>
  <controlfield tag="001">DLU110120496</controlfield>
  <controlfield tag="005">##20110505</controlfield>
  <controlfield tag="008">##980113s1997    cc           f001 0 chi  </controlfield>
  <datafield tag="010" ind1="#" ind2="#">
   <subfield code="a">   98459172 </subfield>
  </datafield>
  <datafield tag="020" ind1="#" ind2="#">
   <subfield code="a">730503066X</subfield>
  </datafield>
  <datafield tag="035" ind1="#" ind2="#">
   <subfield code="a">(CStRLIN)DCLP98-B705</subfield>
  </datafield>
  <datafield tag="040" ind1="#" ind2="#">
   <subfield code="a">DLC-R</subfield>
   <subfield code="c">DLC-R</subfield>
   <subfield code="d">CStRLIN</subfield>
   <subfield code="d">DLC</subfield>
  </datafield>
  <datafield tag="082" ind1="#" ind2="#">
   <subfield code="a">495.13</subfield>
   <subfield code="b">Xin</subfield>
  </datafield>
  <datafield tag="245" ind1="#" ind2="#">
   <subfield code="a">Xin Han yu cheng yu ci dian =</subfield>
   <subfield code="b">Xin hanyu chengyu cidian /</subfield>
   <subfield code="c">[Zheng Rong, Guan Feng zhu bian].</subfield>
  </datafield>
  <datafield tag="246" ind1="#" ind2="#">
   <subfield code="6">880-02</subfield>
   <subfield code="a">Han yu cheng yu ci dian</subfield>
  </datafield>
  <datafield tag="246" ind1="#" ind2="#">
   <subfield code="a">Xin hanyu chengyu cidian</subfield>
  </datafield>
  <datafield tag="250" ind1="#" ind2="#">
   <subfield code="6">880-03</subfield>
   <subfield code="a">Di 1 ban.</subfield>
  </datafield>
  <datafield tag="260" ind1="#" ind2="#">
   <subfield code="6">880-04</subfield>
   <subfield code="a">[Nanjing shi] :</subfield>
   <subfield code="b">Nanjing da xue chu ban she :</subfield>
   <subfield code="b">Jiangsu sheng xin hua shu dian fa xing,</subfield>
   <subfield code="c">1997.</subfield>
  </datafield>
  <datafield tag="300" ind1="#" ind2="#">
   <subfield code="a">6, 2, 12, 63, 621 p. ;</subfield>
   <subfield code="c">21 cm.</subfield>
  </datafield>
  <datafield tag="500" ind1="#" ind2="#">
   <subfield code="a">Includes indexes.</subfield>
  </datafield>
  <datafield tag="650" ind1="#" ind2="#">
   <subfield code="a">Chinese language</subfield>
   <subfield code="x">Idioms</subfield>
   <subfield code="x">Dictionaries.</subfield>
  </datafield>
  <datafield tag="700" ind1="#" ind2="#">
   <subfield code="6">880-05</subfield>
   <subfield code="a">Zheng, Rong.</subfield>
  </datafield>
  <datafield tag="700" ind1="#" ind2="#">
   <subfield code="6">880-06</subfield>
   <subfield code="a">Guan, Feng.</subfield>
  </datafield>
  <datafield tag="923" ind1="#" ind2="#">
   <subfield code="a">01/2011NN</subfield>
  </datafield>
  <datafield tag="991" ind1="#" ind2="#">
   <subfield code="a">GT</subfield>
  </datafield>
  <datafield tag="992" ind1="#" ind2="#">
   <subfield code="a">89600</subfield>
  </datafield>
  <datafield tag="994" ind1="#" ind2="#">
   <subfield code="a">KNN</subfield>
  </datafield>
  <datafield tag="998" ind1="#" ind2="#">
   <subfield code="a">TK</subfield>
  </datafield>
  <datafield tag="900" ind1="#" ind2="#">
   <subfield code="a">True</subfield>
  </datafield>
  <datafield tag="911" ind1="#" ind2="#">
   <subfield code="a">Đào Thị Thu Huyền</subfield>
  </datafield>
  <datafield tag="925" ind1="#" ind2="#">
   <subfield code="a">G</subfield>
  </datafield>
  <datafield tag="926" ind1="#" ind2="#">
   <subfield code="a">A</subfield>
  </datafield>
  <datafield tag="927" ind1="#" ind2="#">
   <subfield code="a">SH</subfield>
  </datafield>
  <datafield tag="980" ind1="#" ind2="#">
   <subfield code="a">Thư viện Trường Đại học Đà Lạt</subfield>
  </datafield>
 </record>
</collection>
